Kluby piłkarskie z Bundesligi (sezon 2019/20) - Statystyki

Ogólne statystyki
  • Ten quiz został rozwiązany 218 razy
  • Średni wynik to 8 z 18
Statystyki odpowiedzi
Lp. Klub Liczba punktów % Poprawnych
1. Bayern Monachium 55
99%
2. Borussia Dortmund 54
96%
5. Bayer Leverkusen 47
73%
4. RB Lipsk 51
69%
6. Wolfsburg 39
59%
12. Union Berlin 30
53%
3. Borussia Monchengladbach 52
49%
8. Schalke04 37
48%
13. Eintracht Frankfurt 28
47%
17. Werder Brema 18
46%
15. Mainz 26
39%
7. Freiburg 37
38%
9. Hoffenheim 35
36%
11. Herta Berlin 31
34%
10. Koln 32
34%
16. Fortuna Dusseldorf 23
22%
14. Agsburg 27
0%
18. Paderbon 07 17
0%
Nie znaleziono quizów pasujących do podanych kryteriów
Rozkład punktacji
Procent ludzi z każdym wynikiem
Percentyl według liczby udzielonych odpowiedzi
Twoja historia wyników
Nie rozwiązałeś tego quizu